International business and government relations in the 21st century / (رقم التسجيلة. 26242)

تفاصيل مارك
000 -الفاتح
حقل البيانات ثابتة الطول 01565cam a2200373 a 4500
001 - رقم الضبط
رقم الضبط 14265282
003 - محدد رقم الضبط
رقم الضبط OSt
005 - وقت وتاريخ اخر تعامل مع التسجيلة
رقم الضبط 20150408114102.0
008 - عناصر البيانات ثابتة الطول - معلومات عامة
حقل البيانات ثابتة الطول 060214s2005 enka f b 001 0 eng d
010 ## - رقم ضبط مكتبة الكونجرس
رقم ضبط مكتبة الكونجرس 2006295405
015 ## - رقم الببليوجرافية الوطنية
رقم الببليوجرافية الوطنية GBA533205
المصدر bnb
016 7# - رقم ضبط الوكاله الوطنية للضبط الببليوجرافي
رقم ضبط التسجيلة 013179816
المصدر Uk
020 ## - الرقم الدولى المعيارى للكتب
الرقم الدولى المعيارى للكتاب 0521850029 (hbk.)
020 ## - الرقم الدولى المعيارى للكتب
الرقم الدولى المعيارى للكتاب 9780521850025
035 ## - رقم ضبط النظام
رقم ضبط النظام (OCoLC)ocm59353203
040 ## - مصدر الفهرسة
وكالة الفهرسة الأصلية UKM
وكالة النسخ UKM
وكالة التعديل BAKER
-- BWKUK
-- IXA
-- DLC
042 ## - رمز التحقق
رمز التحقق ukblsr
-- lccopycat
050 00 - رقم طلب مكتبة الكونجرس
رقم التصنيف HF1411
رقم المادة .I475 2005
082 04 - رقم تصنيف ديوى العشرى
رقم التصنيف 382.3
رقم الطبعة 22
245 00 - بيان العنوان
العنوان International business and government relations in the 21st century /
بيان المسئوليه,etc edited by Robert Grosse.
260 ## - PUBLICATION, DISTRIBUTION, ETC. (IMPRINT)
مكان الناشر او الموزع Cambridge ;
-- New York :
اسم الناشر او الموزع Cambridge University Press,
تاريخ النشر أو التوزيع 2005.
300 ## - الوصف المادى
التعداد xiii, 527 p. :
تفاصيل ماديه اخرى للوعاء ill. ;
أبعاد الوعاء 24 cm.
504 ## - تبصرة ببليوجرافية
تبصرة ببليوجرافية,الخ Includes bibliographical references (p. 475-509) and index.
650 #0 - المدخل الاضافى بالموضوع-مصطلح موضوعى
مصطلح موضوعي أو اسم جغرافي كعنصر مدخل International business enterprises
التقسيم الفرعي العام Government policy.
9 (RLIN) 17888
650 #0 - المدخل الاضافى بالموضوع-مصطلح موضوعى
مصطلح موضوعي أو اسم جغرافي كعنصر مدخل International business enterprises
التقسيم الفرعي العام Management.
9 (RLIN) 4644
650 #0 - المدخل الاضافى بالموضوع-مصطلح موضوعى
مصطلح موضوعي أو اسم جغرافي كعنصر مدخل Commercial policy.
9 (RLIN) 17889
650 #0 - المدخل الاضافى بالموضوع-مصطلح موضوعى
مصطلح موضوعي أو اسم جغرافي كعنصر مدخل Foreign trade promotion.
9 (RLIN) 17890
700 1# - المدخل الاضافى - اسم شخصى
الإسم الشخصى Grosse, Robert E.
9 (RLIN) 17891
856 42 - الوصول و الموقع الالكترونى
مواد محددة Publisher description
معرف المصدر الموحد <a href="http://www.loc.gov/catdir/enhancements/fy0632/2006295405-d.html">http://www.loc.gov/catdir/enhancements/fy0632/2006295405-d.html</a>
856 41 - الوصول و الموقع الالكترونى
مواد محددة Table of contents only
معرف المصدر الموحد <a href="http://www.loc.gov/catdir/enhancements/fy0632/2006295405-t.html">http://www.loc.gov/catdir/enhancements/fy0632/2006295405-t.html</a>
856 42 - الوصول و الموقع الالكترونى
مواد محددة Contributor biographical information
معرف المصدر الموحد <a href="http://www.loc.gov/catdir/enhancements/fy0733/2006295405-b.html">http://www.loc.gov/catdir/enhancements/fy0733/2006295405-b.html</a>
942 ## - عناصر المدخل الإضافي( كوها)
مصدر التصنيف او مخطط الترفيف Dewey Decimal Classification
Koha [default] item type كتاب
المقتنيات
حالة الفقد نموذج السعر الفعال حالة تلف ليس للاعارة رقم الطلب تاريخ الاكتساب الموقع الحالي الباركود الفرع الرئيسي Date last seen نوع المادة فى نظام كوها مصدر التصنيف او خطة الترفيف Total Checkouts
  2013-03-10     382.3 IN B 2012-12-01 المكتبة المركزية بالمجمعة (CL) 07000000010262 المكتبة المركزية بالمجمعة (CL) 2013-03-10 كتاب Dewey Decimal Classification  
  2013-03-10     382.3 IN B 2012-12-01 المكتبة المركزية بالمجمعة (CL) 07000000010263 المكتبة المركزية بالمجمعة (CL) 2013-03-10 كتاب Dewey Decimal Classification